Missing Word: FOX Shows (1990s) Quiz Stats

 Plays Quiz Updated Nov 4, 2016

Challenge
Share
Tweet
Embed
Score 0/22 Timer 02:00
3 Plays Today
Television Series Missing Word % Correct
That _____ Show'70s
91.8%
_____ of the HillKing
90.1%
Melrose ______Place
88.7%
_____ McBealAlly
86.6%
The _____ FilesX
86.6%
Beverly Hills, _____90210
85%
Space: Above and _____Beyond
80%
In _____ ColorLiving
77.3%
_____ of FiveParty
70.3%
Family _____Guy
69.4%
The _____ Chase ShowChevy
59.3%
Television Series Missing Word % Correct
_____tvMAD
49.1%
Models _____Inc.
39.2%
Key _____West
33.9%
The Ben _____ ShowStiller
33.6%
Living _____Single
27.9%
_____ Lewis Can't LoseParker
24.6%
Herman's _____Head
23.8%
The Adventures of Brisco _____ Jr.County
19.7%
_____ & StaceyNed
19.2%
_____ CentralSouth
10.5%
New York _____Undercover
5.9%

Today's Daily Dose

Missing Word
Entertainment 'M'

Word Ladder
North Carolina

On This Day
January 16th II

You're not logged in!

Compare scores with friends on all Sporcle quizzes.
OR
Log In

You Might Also Like...

Show Comments

Extras

Top Quizzes Today


Score Distribution

Your Account Isn't Verified!

In order to create a playlist on Sporcle, you need to verify the email address you used during registration. Go to your Sporcle Settings to finish the process.

Report this User

Report this user for behavior that violates our Community Guidelines.

Details: